000 00800nmm a2200289 a 4500
003 AR-BaBNM
005 20251128211042.0
008 092020s1996 ||||||||||||||000 | spa||
020 _a0-7879-0254-3
040 _cAR-BaBNM
100 1 _aKritek, Phyllis Beck
245 1 0 _aNegotiating at an uneven table
_bA practical approach to working with difference and diversity
260 _aSan Francisco
_bJossey-Bass
_c1996
300 0 _a339 p.
650 4 _aTRABAJO
650 4 _aNEGOCIACION
650 4 _aNEGOCIOS
650 4 _aDIFERENCIAS INDIVIDUALES
650 4 _aDIFERENCIACION SOCIAL
650 4 _aDIVISION DEL TRABAJO
650 4 _aRELACIONES LABORALES
650 4 _aCONFLICTO DE ROLES
650 4 _aCOMUNICACION
650 4 _aAUTODISCIPLINA
942 _cBK
998 _ceugenia
999 _c18019
_d18019